000 00446nam a2200181Ia 4500
001 13024
005 20260306163023.0
008 260306t1983||||xx |||||||||||||| ||spa||
041 _aESP
082 _aRD 658.003
_bA25
100 _aGispert, Carlos (dir.)
_eAUT
245 0 _aDiccionario de administración y finanzas
260 _c1983
300 _a704 páginas :
_c26 cm.
650 _aGEN
654 _aCAN
942 _cDIC
_dJUS
_fJUS
_2ddc
_n
999 _c13024
_d13024